04722nab a2200337 i 4500003000900000005001700009008004100026040001800067072001400085072000800099100002200107100003300129100003800162100004300200100003300243100003400276245010400310500006600414520163400480520186902114650001703983650001904000650001804019650002104037650001604058650002604074773017904100856007804279942000804357999001904365BR-BrBNA20251117151833.0251117b2019 bl.|r|pooa||| 00| 0 eng | aBR-BrBNAbeng aQ02b0910 aJ11 aSoethe, Cristina  aSteffens, Cristiano André  aMartin, Mariuccia Schlichting de  aAmarante, Cassandro Vidal Talamini do  aHeinzen, Angélica Schmitz  aKretzschmar, Aike Anneliese  aQuality and functional properties of ‘Tupy’ blackberry stored in modified atmosphere conditions a Publicação online; 27 ref.; 7 tables; Summaries (En, Pt) a Abstract - The aim of this work was to evaluate the effect of storage temperature, in passive modified atmosphere (MA) and atmospheric composition in active MA on quality maintenance, total phenolic compounds (TPC) and total antioxidant activity (TAA; DPPH and ABTS methods) of ‘Tupy’ blackberry. Two experiments were carried out. In experiment 1, the fruit were stored for eight days at 0, 5 and 10 °C in passive MA. In experiment 2, the initial atmospheres of 21.0kPa O2 + 0.04 kPa CO2 (passive MA); 9.2 kPa O2 + 9.2 kPa CO2 (active MA with high CO2 ); 1.4 kPa O2 + 0.04 kPa CO2 (active MA with low O2 ); and 1.4 kPa O2 + 9.6 kPa CO2 (active MA with low O2 + high CO2) were evaluated for eight days at 0 °C. In both experiments, the fruit were packed in Xtend® plastic films. After eight days of storage in passive MA, temperatures of 0 and 5 ºC provided fruit with higher force to compression and titratable acidity (TA) and lower soluble solids/titratable acidity ratio (SS/TA), but with lower values of TPC and TAA (DPPH method) when compared to the temperature of 10 °C. The fruits stored at 0 °C presented lower values of weight loss and incidence of decay. Blackberries stored for eight days at 0 °C, in active MA with low O2, associated or not with high CO2, presented lower respiration rate and higher values of TPC and TAA (DPPH method), but did not differ in the values of incidence of decay, force to compression, SS, TA, SS/TA ratio and color attributes when compared to active MA with high CO2 and passive MA. Index Terms: Rubus sp., functional food, conservation, cold storage a Resumo - O objetivo deste trabalho foi avaliar o efeito da temperatura de armazenamento, em atmosfera modificada (AM) passiva, e da composição atmosférica em AM ativa sobre a manutenção da qualidade, do teor de compostos fenólicos totais (CFT) e da atividade antioxidante total (AAT; métodos DPPH e ABTS) de amoras-preta ‘Tupy’. Foram conduzidos dois experimentos. No experimento 1, os frutos foram armazenados durante oito dias, nas temperaturas de 0; 5 e 10 °C, em AM passiva. No experimento 2, foram avaliadas as atmosferas iniciais de 21,0 kPa O2 +0,04 kPa CO2 (AM passiva); 9,2 kPa O2 +9,2 kPa CO2 (AM ativa com alto CO2); 1,4 kPa O2 +0,04 kPa CO2 (AM ativa com baixo O2); e 1,4 kPa O2 +9,6 kPa CO2 (AM ativa com baixo O2 +alto CO2), durante oito dias, na temperatura de 0 °C. Em ambos os experimentos, os frutos foram acondicionados em filmes plásticos Xtend®. Após oito dias de armazenamento em AM passiva, as temperaturas de 0 e 5 ºC proporcionaram frutos com maiores valores de força para compressão e acidez titulável (AT), e menor relação sólidos solúveis/acidez titulável (SS/AT), porém com menores valores de CFT e AAT (método DPPH) em relação à temperatura de 10 °C. Os frutos armazenados a 0 °C apresentaram menores valores de perda de massa fresca (PMF) e de incidência de podridões. Amoras armazenadas durante oito dias a 0 °C, em AM ativa com baixo O2, associado ou não com alto CO2, apresentaram menor respiração e maiores valores de CFT e AAT (método DPPH), porém sem diferirem quanto aos valores de incidência de podridão, força para compressão, SS, AT, relação SS/AT e atributos de cor em relação à AM ativa com alto CO2 e AM passiva. Termos para indexação: Rubus sp., alimento funcional, conservação, armazenamento refrigerado aAMORA -PRETA aPÓS-COLHEITA aARMAZENAMENTO aREFRIGERAÇÃO aTEMPERATURA aCONTROLE DE QUALIDADE0 08059317038dJaboticabal-SP Sociedade Brasileira de Fruticultura 1978o2024-3600tRevista Brasileira de Fruticultura (Brazil)x0100-2945gv. 41(1) p.1-9; (2019)wBR2025005073 uhttps://www.scielo.br/j/rbf/a/KQk5TD7Yf8h8T3BYhzpBtRG/?format=pdf&lang=en cANA c339087d339087